000 00571nam a2200181 4500
001 138452
003 ES-MaACL
005 20250416063102.0
007 t|
008 070214s1974 sp r ||||1| spa d
100 1 _aSan Ildefonso, Mariano,
_d1904-1981
_9102237
245 1 0 _aCuentos con fantasmas al fondo /
_cMariano San Ildefonso.
260 _a[Madrid :
_bAgrupación Hispana de Escritores,
_c1974]
300 _a95 p. ;
_c20 cm.
710 2 _aAgrupación Hispana de Escritores.
_91292
852 _aES-MaACL
_jE-5548
_bR.89840
999 _c138452
_d138452